| 000 | 00634nam a2200205 a 4500 | ||
|---|---|---|---|
| 005 | 20221101063552.0 | ||
| 008 | 991125s1984 ea 000 0 eng u | ||
| 020 | _a0838904084 | ||
| 035 | _aUPN01000000412 | ||
| 049 | _aCE | ||
| 050 | 4 |
_aZ689 _bM3.3 |
|
| 100 | 1 | _aMagrill, Rose Mary | |
| 245 | 1 | 0 |
_aAcquisitions management and collection development in libraries / _cRose Mary Magrill, Doralyn J. Hickey. |
| 260 |
_aChicago : _bALA, _c1984. |
||
| 300 | _a229 p. | ||
| 650 | 4 |
_aADQUISICIONES (BIBLIOTECAS) _94061 |
|
| 650 | 2 |
_aDesarrollo de colecciones (Bibliotecas) _915409 |
|
| 700 | 1 |
_aHickey, Doralin J., _ecoaut. |
|
| 905 | _aLibro | ||
| 999 |
_c412 _d412 |
||